书目信息 |
| 题名: |
爱也迷惘
|
|
| 作者: | [美]普雷瑟 著 | |
| 分册: | ||
| 出版信息: | 天津 百花文艺出版社 1997.02 |
|
| 页数: | 185页 | |
| 开本: | 32开 | |
| 丛书名: | ||
| 单 册: | ||
| 中图分类: | I712.45 | |
| 科图分类: | ||
| 主题词: | 文学 | |
| 电子资源: | ||
| ISBN: | 7-5306-2394-X | |
| 000 | 00528nam0 2200193 45 | |
| 001 | 0009021625 | |
| 005 | 20001102201242.6 | |
| 010 | @a7-5306-2394-X@d8.00元 | |
| 100 | @a20000902d1997 km y0chiy0120 ea | |
| 101 | 0 | @achi |
| 105 | @a z 000yy | |
| 200 | 1 | @a爱也迷惘@AAi Ye Mi Wang@f[美]普雷瑟著@F[Mei]Pu LeiSe Zhu |
| 210 | @a天津@c百花文艺出版社@d1997.02 | |
| 215 | @a185页@d32开 | |
| 606 | 0 | @a文学 |
| 690 | @aI712.45@v3 | |
| 701 | 0 | @a[美]普雷瑟@4著 |
| 801 | @aCN@bPftUser@c20000902 | |
| 905 | @dI712.45@eP761@b196114-115@f2 | |
| 爱也迷惘/[美]普雷瑟著.-天津:百花文艺出版社,1997.02 |
| 185页;32开 |
| ISBN 7-5306-2394-X:8.00元 |
| ● |
| 相关链接 |
|
|
|
正题名:爱也迷惘
索取号:I712.45/P761
 
预约/预借
| 序号 | 登录号 | 条形码 | 馆藏地/架位号 | 状态 | 备注 |
| 1 | 196114 | 201961145 | 社科二线422/422社科库 30排1列1层/ [索取号:I712.45/P761] | 在馆 | |
| 2 | 196115 | 201961154 | 社科二线422/116文学库 28排5列4层/ [索取号:I712.45/P761] | 在馆 |